Modern control theory

Bibliographic Details
Main Author: Bakshi, Uday A
Format: Book
Published: New Delhi : Technical Publications Pune , [s.n]
Subjects:

MARC

LEADER 00000cam a2200000 7i4500
001 0000039237
005 20131213.0
008 131213
020 |a 8184310801 
090 0 0 |a 003.5   |b BAK 
100 1 |a Bakshi, Uday A 
245 1 0 |a Modern control theory   |c Uday A. Bakshi & Mayuresh V. Bakshi 
260 |a New Delhi :   |b Technical Publications Pune ,   |c [s.n] 
650 0 |a Control theory 
999 |a 0001257505   |b Book   |c Annual Reports   |e Perbadanan Perpustakaan Awam Johor